| 000 | 02155nam a2200397Ii 4500 | ||
|---|---|---|---|
| 001 | DIGSLX2017 | ||
| 003 | NyNyDIG | ||
| 006 | m o d | ||
| 007 | cr ||||||||||| | ||
| 008 | 100625s2009 sp a o 000 0 spa d | ||
| 020 | _z9788477372356 | ||
| 020 | _z8477372357 | ||
| 035 | _a(OCoLC)854553656 | ||
| 040 |
_aDGITA _beng _epn _cDGITA |
||
| 043 | _ae-sp--- | ||
| 050 | 1 | 4 | _aDP192.5 eBook |
| 245 | 0 | 3 |
_aLa vida cotidiana en la España del siglo XVIII / _cManuel-Reyes García Hurtado (ed.). |
| 264 | 1 |
_aMadrid : _bSílex, _cc2009. |
|
| 300 |
_a1 online resource (234 pages) : _bill. |
||
| 336 |
_atext _btxt _2rdacontent |
||
| 337 |
_acomputer _bc _2rdamedia |
||
| 338 |
_aonline resource _bcr _2rdacarrier |
||
| 490 | 1 | _aSílex universidad. | |
| 504 | _aIncludes bibliographical references. | ||
| 505 | 0 | _aPresentación / Manuel-Reyes García Hurtado -- 1. La alimentación cotidiana en la España del siglo xviii / María de los Ángeles Pérez Samper -- 2. "Un gran palacio abandonado". La España urbana del Siglo de las Luces / Juan E. Gelabert -- 3. Fiestas y ceremonias políticas en Galicia en el siglo xviii / Roberto J. López -- 4. Civilización y brutalización del crimen en una España de Ilustración / Tomás A. Mantecón Movellán -- 5. Entre paños y algodones: petimetres y castizas. ¿"La nueva moda en el arca se vende"? / Máximo García Fernández -- 6. Persiguiendo un sujeto esquivo: vida y obra de una escritora del siglo xviii / Mónica Bolufer Peruga -- 7. Las condiciones materiales de vida en el mundo rural gallego del siglo xviii / Hortensio Sobrado Correa -- 8. Vidas militares en el Siglo de la Razón / Manuel-Reyes García Hurtado | |
| 651 | 0 |
_aSpain _xSocial life and customs _y18th century. |
|
| 651 | 0 |
_aSpain _xHistory _y18th century. |
|
| 655 | 0 | _aElectronic books. | |
| 700 | 1 | _aGarcía Hurtado, Manuel-Reyes. | |
| 791 | 2 |
_aDigitalia (Firm), _edistributor. |
|
| 830 | 0 | _aSílex universidad. | |
| 793 | 0 |
_gDigitalia eBook Collection: _aSílex. |
|
| 856 | 4 | 0 |
_3Digitalia Hispánica _uhttps://www.digitaliapublishing.com/a/1392/ |
| 910 | _aPremium Collection: 2007-2012 | ||
| 942 | _cRAA | ||
| 999 |
_c230202 _d230202 |
||